Class of 2025 relevant events - 20 questions - Statistics

General Stats
  • This quiz has been taken 14 times
  • The average score is 11 of 20
Answer Stats
Hint Answer % Correct
Which advanced higher subject has the largest class? Advanced higher maths
100%
Which physics teacher sadly left? Mr Reid
100%
Which cafe shift is the most profitable? Tuesday morning
100%
Who is defo 100% having the whole year over for prom afters? Adam Sparks
75%
What accessory does Zach Coffee put on when he needs to "lock in"? Glasses
75%
What film was shown at the prom fundraiser film night? Grown ups
75%
Who are the head girls? Kallan Smith / Erin Fraser
75%
Why was PE cancelled? Knee surgery tomorrow
75%
Which convenient supermarket is nearest to the school? Lidl
75%
What colour are the majority of the blue seats Black
50%
What was rumoured to have filled the bathroom sinks? Mashed potato
50%
What is the most difficult subject available in S6? National 5 Practical Cake Craft
50%
What item of furniture is commonly stolen between the blue seats? Table
50%
How many students are still in S6? 121
25%
What food preperation unit was planned to be implemented in someones locker? Air fryer
25%
Which controversial fashion choice did Reuben Moran make recently? Blazer / Belt / Tucking shirt in
25%
Worst haircut Brodie Ingles
25%
Which nationwide violent gang originated within the Stirling catchment area? Cambu Crew / YBJ
25%
What recent craze has swept the youth with everyone partaking? Pegging
25%
What disgusting drink did Hamish briefly attempt to sell in the cafe? Peppermint hot chocolate
25%
No matching quizzes found
Score Distribution
Percent of People with Each Score
Percentile by Number Answered
Your Score History
You have not taken this quiz